000 00298nam a22001337a 4500
008 181217b xxu||||| |||| 00| 0 eng d
020 _a076714002951
041 _aeng
080 _a038
100 _a23
101 _aFJA
245 _aThe Merriam Webster Thesaurus
_cWebster, M
942 _2udc
_cBK
999 _c53253
_d53253